000 00639nam a2200229Ia 4500
003 OSt
005 20250925194016.0
008 210423s2003 xx 000 0 und d
040 _cAL
041 _aEnglish
082 _a305.231
_bRAOP
100 _aDigumarti Bhaskara Rao
_9117493
245 _aProblems of mentally handicapped children
260 _aNew Delhi
_bDiscovery Publishing House
_c2003
365 _b795
_cINR
440 _v1
650 _aSocial Groups
_9117494
650 _aSocial Sciences
_9117495
700 _aRao, N V Murali
_9240541
906 _achildren ; handicapped ; mentally ; Problems
942 _2ddc
_cBK
999 _c173658
_d173658